Guyton and Hall textbook of medical physioliogy (Record no. 30645)

MARC details
000 -LEADER
fixed length control field 00521nam a2200193Ia 4500
020 ## - INTERNATIONAL STANDARD BOOK NUMBER
ISBN 9781416045748
050 ## - CALL MARK
Classification number QP 34.5 .G9/
100 ## - STATEMENT OF RESPONSIBILITY--MAIN AUTHOR NAME
Personal name Hall, J. E.
245 #0 - TITLE STATEMENT
Title Guyton and Hall textbook of medical physioliogy
250 ## - EDITION / VOLUME STATEMENT
Edition / Volume statement 12th ed.
260 ## - PUBLICATION, DISTRIBUTION, ETC. (IMPRINT)
Place of publication Philadelphia, PA
260 ## - PUBLICATION, DISTRIBUTION, ETC. (IMPRINT)
Name of publisher Saunders
260 ## - PUBLICATION, DISTRIBUTION, ETC. (IMPRINT)
Year of publication 2011
300 ## - PHYSICAL DESCRIPTION
Number of Pages 1091 p
650 ## - SUBJECT ADDED ENTRY--TOPICAL TERM
Topical Term Human physiology physiology, Pathology Textbook of medical physioliogy
942 ## - ADDED ENTRY ELEMENTS (KOHA)
Koha item type Books
Holdings
Withdrawn status Lost status Source of classification or shelving scheme Damaged status Not for loan Permanent Location Current Location Date acquired Accession Number Price effective from Koha item type
    Library of Congress Classification     NILE UNIVERSITY OF NIGERIA - MAIN LIBRARY NILE UNIVERSITY OF NIGERIA - MAIN LIBRARY 04/23/2025 0184597 04/23/2025 Books